| 000 | 01112cam a2200265 4500 | ||
|---|---|---|---|
| 001 | gs 67000182 | ||
| 003 | DLC | ||
| 005 | 20260227111420.0 | ||
| 008 | 711013s1966 mtu b 00000 eng c | ||
| 010 | _ags 67000182 //r86 | ||
| 040 | _aU.S. Geological Survey Library | ||
| 043 |
_an-us-mt _an-usp-- |
||
| 050 | 0 |
_aZ6033.S8 _bB5 |
|
| 110 | 2 | 0 | _aBillings Geological Society. |
| 245 | 1 | 0 |
_aSelected bibliography of stratigraphy in Montana and adjacent areas. _cCompiled under a cooperative agreement with the Montana Bureau of Mines and Geology. Contributors: Howard L. Garrett [and others] Ernest H. Gilmour, editor. |
| 260 | 0 |
_aButte, _bMontana College of Mineral Science and Technology, _c1966. |
|
| 300 |
_aiv, 61 p. _c28 cm. |
||
| 490 | 1 | _a[Montana] Bureau of Mines and Geology. Special publication 38 | |
| 650 | 0 |
_aGeology, Stratigraphic _xBibliography. |
|
| 650 | 0 |
_aGeology _zMontana _xBibliography. |
|
| 650 | 0 |
_aGeology _zMountain states. |
|
| 700 | 1 | 0 |
_aGarrett, Howard L., _d1924- |
| 700 | 1 | 0 |
_aGilmour, Ernest H., _eed. |
| 830 | 0 |
_aSpecial publication (Montana Bureau of Mines and Geology) ; _v38. |
|
| 999 |
_c30322 _d30322 |
||